| 000 | 00668nam a2200205 a 4500 | ||
|---|---|---|---|
| 005 | 20221117063534.0 | ||
| 008 | 991125s1987 mx 000 0 spa u | ||
| 020 | _a968360126X | ||
| 035 | _aUPN01000006334 | ||
| 049 | _aCG | ||
| 050 | 4 |
_aLE7.2931 U22 _bR8.2 |
|
| 100 | 1 |
_aRuiz Massieu, Mario _936086 |
|
| 245 | 1 | 3 |
_aEl cambio en la universidad / _cMario Ruiz Massieu ; ed. Martha del Río Grimm |
| 260 |
_aMéxico : _bUNAM, Dirección General de Planeación, _c1987 |
||
| 300 |
_a155 p. : _bcuadrs., + _e1 h |
||
| 610 | 2 | 4 |
_aUniversidad Nacional Autónoma de México _xHistoria _94433 |
| 700 | 2 |
_aRío Grimm, Martha del, _eed. |
|
| 904 |
_aAC _b006334 |
||
| 905 | _aLibro | ||
| 999 |
_c6334 _d6334 |
||